000 01168nam a2200313 a 4500
001 ebr10006812
003 CaPaEBR
006 m u
007 cr cn|||||||||
008 010412s2002 nyu sbi 001 0 eng
010 _z 2001035092
020 _z0521571774
040 _aCaPaEBR
_cCaPaEBR
035 _a(OCoLC)51273496
050 1 4 _aPC4361
_b.Z34 2002eb
082 0 4 _a465
_221
100 1 _aZagona, Karen T.,
_d1951-
245 1 4 _aThe syntax of Spanish
_h[electronic resource] /
_cKaren Zagona.
260 _aNew York :
_bCambridge University Press,
_c2002.
300 _axii, 286 p.
490 1 _aCambridge syntax guides
504 _aIncludes bibliographical references (p. 273-280) and index.
533 _aElectronic reproduction.
_bPalo Alto, Calif. :
_cebrary,
_d2013.
_nAvailable via World Wide Web.
_nAccess may be limited to ebrary affiliated libraries.
650 0 _aSpanish language
_xSyntax.
655 7 _aElectronic books.
_2local
710 2 _aebrary, Inc.
830 0 _aCambridge syntax guides.
856 4 0 _uhttp://site.ebrary.com/lib/rucke/Doc?id=10006812
_zAn electronic book accessible through the World Wide Web; click to view
999 _c341
_d341